000 00549cam a22001811i 4500
082 _a669.3
_bCOP
_cL-17, P-21
100 _aCDA
_925800
110 2 _aCopper Development Association.
_940948
245 1 0 _aCopper in instrumentation.
_cCDA
260 _aRadlett, Herts :
_bCopper development association
_c1955.
300 _a152 p.
_bill.
_c24 cm
490 1 _aIts C. D. A. publication
526 _a0
_b0
_c0
_d669_300000000000000_COP
650 0 _aCopper.
_940949
650 0 _aMCE
_9379
650 0 _aPhysical instruments.
_939824
942 _2ddc
_cBK
999 _c548590
_d548590